Diagnóstico de Puerto Rico / (Record no. 113178)

MARC details
000 -LEADER
campo de control de longitud fija 00468nam a2200157 4500
001 - NÚMERO DE CONTROL
campo de control 113178
003 - IDENTIFICADOR DE NÚMERO DE CONTROL
campo de control ES-MaACL
005 - FECHA Y HORA DE LA ÚLTIMA TRANSACCIÓN
campo de control 20230906185803.0
007 - CAMPO FIJO DE DESCRIPCIÓN FÍSICA--INFORMACIÓN GENERAL
campo de control de longitud fija t|
008 - DATOS DE LONGITUD FIJA--INFORMACIÓN GENERAL
campo de control de longitud fija 061121s1971 pr r ||||1| spa d
100 1# - ENTRADA PRINCIPAL--NOMBRE DE PERSONA
Nombre de persona Nieves Falcón, Luis.
9 (RLIN) 85731
245 10 - MENCIÓN DEL TÍTULO
Título Diagnóstico de Puerto Rico /
Mención de responsabilidad, etc. Luis Nieves Falcón.
260 ## - PUBLICACIÓN, DISTRIBUCIÓN, ETC.
Lugar de publicación, distribución, etc. Ríos Piedras (Puerto Rico) ; Zaragoza :
Nombre del editor, distribuidor, etc. Edid : Cometa,
Fecha de publicación, distribución, etc. 1971.
300 ## - DESCRIPCIÓN FÍSICA
Extensión 260 p. ;
Dimensiones 20 cm.
852 ## - LOCALIZACIÓN
Ubicación ES-MaACL
Número de control de estantería C-51128
Sublocalización o colección R.76848
Holdings
Estatus retirado Estado de pérdida Estado de daño No para préstamo Biblioteca de origen Biblioteca actual Ubicación en estantería Fecha de adquisición Fuente de adquisición Total de préstamos Signatura topográfica completa Código de barras Visto por última vez Precio de reemplazo Tipo de ítem Koha
        Biblioteca del Ateneo de Madrid Biblioteca del Ateneo de Madrid Depósito 2 17/01/2008     C-51128 1118050 23/02/2023 23/02/2023 Libro impreso